000 00919nam a2200217Ii 4500
003 JO-AjNU
008 230605s9999||||xx |||||||||||||| ||und||
017 _a2002/10/2622
040 _aJO-AjNU
_bara
_erda
_cJO-AjNU
041 _aara
050 1 4 _aK2100.Z8322.2003
100 3 _a الزعبي، عوض أحمد ,
_eauthor
_946459
245 0 0 _aأصول المحاكمات المدنية التنظيم القضائي : الاختصاص ، التقاضي ، الأحكام وطرق الطعن " دراسة مقارنة " / الجزء الأول ، التنظيم القضائي ، الاختصاص
250 _aط1
264 3 1 _aعمان : دار وائل ، 2003
300 _aج1، 373ص
336 _atext
_btxt
_2rdacontent
337 _aunmediated
_bn
_2rdamedia
338 _avolume
_bnc
_2rdacarrier
650 4 _aالقانون المدني -- المحاكم المدنية -- المحاكمات
_946460
999 _aA20213
_c23781
_d23781